000 00462nam a2200181Ia 4500
001 4637
005 20260306145810.0
008 260306t2020||||xx |||||||||||||| ||spa||
041 _aESP
082 _a328
_bT88
100 _aTudela Aranda, José,
_eAUT
245 0 _aEl parlamento en tiempos críticos :
_bnuevos y viejos temas del Parlamento
260 _c2020
300 _a277 páginas :
_c
650 _aGEN
654 _aCDE
942 _cLIB
_dJUS
_fJUS
_2ddc
_n
999 _c4637
_d4637